000 00412nam a22001337a 4500
082 _a625.84
_bPAV
_cD
100 _aUS department of transportation,
_913255
245 _aPrestressed pavement joint designs, volume 1/
260 _aWashington DC:
_bUS department of transportation,
_cc1983
300 _a83p;,
_bill,:
_c29cm
526 _a0
_b0
_c0
_d625_840000000000000_PAV
650 _aMCE
_9379
942 _2ddc
_cBK
999 _c548032
_d548032